| 000 | 00464nam a2200157 i 4500 | ||
|---|---|---|---|
| 001 | 90597 | ||
| 003 | ES-MaACL | ||
| 005 | 20230906180512.0 | ||
| 007 | t| | ||
| 008 | 050121s1970 sp ||||1| spa d | ||
| 100 | 1 |
_aLehmann, Peter G. _971339 |
|
| 245 | 1 | 0 |
_aDe cero a catorce años _b: consejos para una educación moderna / _cPeter G. Lehmann. |
| 260 |
_aLeón : _bEverest, _c[1970] |
||
| 300 |
_a192 p. : _bil. ; _c19 cm. |
||
| 852 |
_aES-MaACL _jC-50096 _bR.76546 |
||
| 999 |
_c90597 _d90597 |
||